000 01709cam a2200337Ia 4500
001 ocn825116718
003 OCoLC
005 20170316104759.0
008 130125s2012 miu b 000 0 eng d
020 _a1938948173
020 _a9781938948176
035 _a(OCoLC)825116718
040 _aIMC
_cIMC
_dOXF
_dOCLCO
_dPWA
049 _aPWAM
092 0 _a261.85
_bW948h 2012
100 1 _aWright, David
_q(David W.)
245 1 0 _aHow God makes the world a better place :
_ba Wesleyan primer on faith, work, and economic transformation /
_cDavid Wright ; with contributions by Rebecca Whitesel, Christin Taylor, Patrick Eby, and Kieth Reeves.
260 _aGrand Rapids, Mich. :
_bChristian's Library Press,
_cc2012.
300 _axx, 138 p. ;
_c22 cm.
490 1 _aBiblical Faith, Work, & Economics Series.
504 _aIncludes bibliographical references.
505 0 _aPart I. Why work and economics matter -- Part II. How conversion transforms the way we work -- Part III. Who God has called us to be -- ch. 1. People of assurance -- ch. 2. People of integrity -- ch. 3. People of authenticity -- Part IV. What God has called us to do -- ch. 4. Work that promotes personal well-being -- ch. 5. Work that promotes social and economic well-being -- ch. 6. Work that is an expression of Christian compassion.
650 0 _aWork
_xReligious aspects
_xChristianity.
650 0 _aWork
_xReligious aspects
_xWesleyan Church.
650 0 _aEconomics
_xReligious aspects
_xWesleyan Church.
650 0 _aChristian life
_xWesleyan authors.
690 0 _aFaith and learning
_xEconomics.
600 1 0 _aWright, David
_q(David W.)
830 0 _aBiblical faith, work, & economics series.
994 _aC0
_bPWA
999 _c40439
_d40439